书目信息 |
| 题名: |
糖尿病饮食和中医保健最佳方案
|
|
| 作者: | 李清亚 主编 | |
| 分册: | ||
| 出版信息: | 北京 人民军医出版社 2006.11 |
|
| 页数: | 314页 | |
| 开本: | 23cm | |
| 丛书名: | ||
| 单 册: | ||
| 中图分类: | R587.105 | |
| 科图分类: | ||
| 主题词: | 糖尿病--tang niao bing--食物疗法 , 糖尿病--tang niao bing--中医治疗法 | |
| 电子资源: | ||
| ISBN: | 7-5091-0358-4 | |
| 000 | 00956nam0 2200229 450 | |
| 001 | 012007814035 | |
| 005 | 20070929112005.64 | |
| 010 | @a7-5091-0358-4@dCNY35.00 | |
| 100 | @a20070725d2006 km y0chiy0120 ea | |
| 101 | 0 | @achi |
| 102 | @aCN@b110000 | |
| 105 | @ay z 000yy | |
| 200 | 1 | @a糖尿病饮食和中医保健最佳方案@Atang niao bing yin shi he zhong yi bao jian zui jia fang an@f李清亚主编@Fli qing ya zhu bian |
| 210 | @a北京@c人民军医出版社@d2006.11 | |
| 215 | @a314页@d23cm | |
| 330 | @a本书系统地介绍了糖尿病防治和康复知识。饮食疗法部分详尽地介绍了糖尿病患者食谱和各种食疗药膳方;传统医学疗法部分介绍了糖尿病常用中药、方剂、糖尿病并发症治疗处方及针灸、推拿、按摩和拔罐疗法;另外还介绍了利于糖尿病防治的心理疗法、运动疗法及护理方法。 | |
| 606 | 0 | @a糖尿病@Atang niao bing@x食物疗法 |
| 606 | 0 | @a糖尿病@Atang niao bing@x中医治疗法 |
| 690 | @aR587.105@v4 | |
| 701 | 0 | @a李清亚@Ali qing ya@4主编 |
| 801 | 0 | @aCN@c20070929 |
| 905 | @dR587.105@eL238 | |
| 糖尿病饮食和中医保健最佳方案/李清亚主编.-北京:人民军医出版社,2006.11 |
| 314页;23cm |
| ISBN 7-5091-0358-4:CNY35.00 |
| 本书系统地介绍了糖尿病防治和康复知识。饮食疗法部分详尽地介绍了糖尿病患者食谱和各种食疗药膳方;传统医学疗法部分介绍了糖尿病常用中药、方剂、糖尿病并发症治疗处方及针灸、推拿、按摩和拔罐疗法;另外还介绍了利于糖尿病防治的心理疗法、运动疗法及护理方法。 |
| ● |
| 相关链接 |
|
|
|
正题名:糖尿病饮食和中医保健最佳方案
索取号:R587.105/L238
 
预约/预借
| 序号 | 登录号 | 条形码 | 馆藏地/架位号 | 状态 | 备注 |
| 1 | 248241 | 202482410 | 自科库401/401自科库 19排1列4层/ [索取号:R587.105/L238] | 在馆 |